LEADER 00990nam 2200373 450 001 9910131177603321 005 20240207234216.0 010 $a1-55442-148-9 035 $a(CKB)3680000000167570 035 $a(NjHacI)993680000000167570 035 $a(EXLCZ)993680000000167570 100 $a20240207d2005 uy 0 101 0 $afre 135 $aur||||||||||| 181 $ctxt$2rdacontent 182 $cc$2rdamedia 183 $acr$2rdacarrier 200 13$aLa nation /$fGilles Bourque 210 1$aChicoutimi :$cJ.-M. Tremblay,$d2005. 215 $a1 online resource 225 1 $aClassiques des sciences sociales 410 0$aClassiques des sciences sociales. 606 $aCapitalism 606 $aSocialism 615 0$aCapitalism. 615 0$aSocialism. 676 $a330.122 700 $aBourque$b Gilles$0864208 801 0$bNjHacI 801 1$bNjHacl 906 $aBOOK 912 $a9910131177603321 996 $aLa nation$92283091 997 $aUNINA